| 000 | 01199cam a22003617a 4500 | ||
|---|---|---|---|
| 003 | CHAP | ||
| 005 | 20220329142256.0 | ||
| 008 | 000502d1997 us r 00010 eng d | ||
| 010 | _a80954 | ||
| 011 | _a81926 | ||
| 020 | _a0824794796 | ||
| 035 | _a92410 | ||
| 040 | _cCHAP | ||
| 082 | 0 | 4 |
_a613.5 _bB3 |
| 100 | 0 | 0 |
_aBardana, Emil J. Jr. _eed. _910165 |
| 245 | 1 | 0 |
_aIndoor air pollution and health _c/ed. by Emil J. Bardana Jr. and Anthony Montanaro |
| 260 |
_aNew York : _bMarcel Dekker, _c1997. |
||
| 300 | _a506 p. | ||
| 490 | 0 |
_aClinical allergy and immunology _v; 9 |
|
| 590 |
_aBATCH-UPD _b10 _c20130110 _lUCH01 _h0617 |
||
| 590 |
_aBATCH-UPD _b10 _c20130110 _lUCH01 _h2356 |
||
| 590 |
_aBATCH-UPD _b10 _c20130410 _lUCH01 _h0300 |
||
| 590 |
_aBATCH-UPD _b10 _c20130913 _lUCH01 _h2329 |
||
| 590 |
_aCONVERSION _b10 _c20130109 _lUCH01 _h1345 |
||
| 650 | 1 | 4 |
_aAire acondicionado. _93151 |
| 650 | 1 | 4 |
_aAire _xContaminación. _93138 |
| 700 | 0 |
_aMontanaro, Anthony _eed. _977729 |
|
| 830 | 0 | 0 |
_aClinical allergy and immunology _v; 9 _923875 |
| 901 | _aBK | ||
| 905 | _aLilia Sánchez G. | ||
| 942 | _cLIBRO | ||
| 949 |
_a613.5 B3 _bBC _cLIBRO _d33724000778767 _eLIBRO _gI.203109 _h97867 _i92410 _si _t$2.501.00 |
||
| 999 |
_c80954 _d80954 |
||